000
00480nam a2200181Ia 4500
008
090124s9999 xx 000 0 und d
082
_b
101453
100
_a
सातोस्कर बा.द.
245
_a
कुळागर
250
_a
1
260
_c
1937
300
_a
112
600
_a
सातोस्कर बा.द.
630
_a
कुळागर
700
_a
सातोस्कर बा.द.
730
_a
कुळागर
942
_c
BOOK
999
_c
147545
_d
147545